Qutub Shahi coins in the Andhra Pradesh Government Museum; (Record no. 66675)

MARC details
000 -LEADER
fixed length control field 00932cam a22002531 4500
001 - CONTROL NUMBER
control field sa 65010288
003 - CONTROL NUMBER IDENTIFIER
control field DLC
005 - DATE AND TIME OF LATEST TRANSACTION
control field 20260227112207.0
008 - FIXED-LENGTH DATA ELEMENTS--GENERAL INFORMATION
fixed length control field 790409s1961 ii ab 000 0 eng
010 ## - LIBRARY OF CONGRESS CONTROL NUMBER
LC control number sa 65010288
025 ## - OVERSEAS ACQUISITION NUMBER
Overseas acquisition number Pl480:I-E-4017
035 ## - SYSTEM CONTROL NUMBER
System control number (OCoLC)4839332
040 ## - CATALOGING SOURCE
Original cataloging agency DLC
Transcribing agency NIC
Modifying agency OCoLC
-- DLC
042 ## - AUTHENTICATION CODE
Authentication code premarc
050 00 - LIBRARY OF CONGRESS CALL NUMBER
Classification number AM101
Item number .A624 no. 3
110 2# - MAIN ENTRY--CORPORATE NAME
Corporate name or jurisdiction name as entry element Andhra Pradesh Government Museum.
245 10 - TITLE STATEMENT
Title Qutub Shahi coins in the Andhra Pradesh Government Museum;
Remainder of title [catalogue]
Statement of responsibility, etc. By Md. Abdul Wali Khan, keeper of the coins. General editor: N. Ramesan.
260 ## - PUBLICATION, DISTRIBUTION, ETC.
Place of publication, distribution, etc. Hyderabad,
Name of publisher, distributor, etc. Govt. of Andhra Pradesh,
Date of publication, distribution, etc. 1961.
300 ## - PHYSICAL DESCRIPTION
Extent vii, 50 p.
Other physical details illus. (part col.) map.
Dimensions 33 cm.
490 0# - SERIES STATEMENT
Series statement Andhra Pradesh Government Museum series,
Volume/sequential designation no. 3
650 #0 - SUBJECT ADDED ENTRY--TOPICAL TERM
Topical term or geographic name entry element Numismatics
Geographic subdivision India, South.
700 1# - ADDED ENTRY--PERSONAL NAME
Personal name Ramesan, N.,
Relator term ed.
810 1# - SERIES ADDED ENTRY--CORPORATE NAME
Corporate name or jurisdiction name as entry element Andhra Pradesh (India).
Subordinate unit Department of Archaeology.
Title of a work Museum series ;
Volume/sequential designation no. 3.

No items available.

Powered by Koha